000 00618nam a22002057a 4500
999 _c9119
_d9119
003 AR-CdUCM
008 190327b ||||| |||| 00| 0 por d
040 _aMUNICIPALIDAD PROVINCIAL DEL CUSCO
_cBIBLIOTECA MUNICIPAL DEL CUSCO
082 _25 ed.
_a871.41 /
_bG91
100 _aJoâo Guimarâes, Rosa
_925130
245 _aPrimeiras histórias /
260 _aLima :
_bOlympio,
_c1969.
300 _a176 páginas ;
_c22 cm.
505 _aContenido : Idioma portugués
650 _aHistoria brasileña
_925131
650 _aLiteratura
_983
650 _aLatinoamericana
_95799
942 _2ddc
_cLIBROS
945 _arah